| 000 | 00753nam0a22002411 4500 | ||
|---|---|---|---|
| 001 | rc\595822 | ||
| 005 | 20031121163345.3 | ||
| 035 | _a(NLR Aleph) 005840558 | ||
| 090 |
_a5674468 _c5674468 |
||
| 100 | _a20031121d1986 u |0rusy50 ca | ||
| 101 | 0 | _arus | |
| 102 | _aRU | ||
| 105 | _ay ||||||||| | ||
| 200 | 1 | _aВалютные курсы в экономике современного капитализма | |
| 210 |
_aМ. _cМеждунар. отношения _d1986 |
||
| 215 |
_a175 с. _d20 |
||
| 320 | _aБиблиогр. в примеч.: с. 164-173 | ||
| 700 | 1 |
_aАчаркан _bВ. В. _gВиктор Викторович |
|
| 801 | 0 |
_aRU _bNLR _gpsbo |
|
| 801 | 1 |
_aRU _bELAR _2rusmarc |
|
| 852 |
_aNLR _j86-3/7145 |
||
| 942 | _cBOOK | ||
| 980 | _aNB | ||